[Event "Oberliga Bayern 1011"]
[Site "Germany"]
[Date "2010.11.14"]
[Round "3.6"]
[White "Trenchev, Jolo"]
[Black "Rusche, Johannes"]
[Result "1/2-1/2"]
[WhiteElo "2165"]
[BlackElo "2228"]
[PlyCount "82"]
[EventDate "2010.10.10"]
[EventType "team-tourn"]
[EventRounds "9"]
[EventCountry "GER"]
[SourceTitle "EXT 2012"]
[Source "ChessBase"]
[SourceDate "2011.11.24"]
[SourceVersion "1"]
[SourceVersionDate "2011.11.24"]
[SourceQuality "1"]
[WhiteTeam "Passau"]
[BlackTeam "Garching"]
[WhiteTeamCountry "GER"]
[BlackTeamCountry "GER"]

1. d4 Nf6 2. Nf3 c5 3. e3 g6 4. c3 Bg7 5. Bd3 0-0 6. 0-0 b6 7. Qc2 d5 8. Nbd2 Bb7 9. b3 Nc6 10. Bb2 Re8 11. Ne5 Nxe5 12. dxe5 Ne4 13. f4 Qc7 14. c4 Nxd2 15. Qxd2 Red8 16. Qe2 e6 17. Rac1 dxc4 18. Bxc4 Be4 19. b4 Bf8 20. bxc5 Bxc5 21. Bd4 Ba3 22. Rc3 Qe7 23. Ba6 Rd7 24. Qb5 Rc7 25. Qa4 Rxc3 26. Bxc3 Bf5 27. e4 Rd8 28. exf5 Qc5+ 29. Kh1 Qxc3 30. fxe6 fxe6 31. Bc4 a5 32. f5 gxf5 33. Bxe6+ Kh8 34. Bxf5 Qxe5 35. Qh4 Qe7 36. Qc4 Bc5 37. Be6 Qg7 38. Bd5 Rf8 39. Rxf8+ Qxf8 40. Qc3+ Qg7 41. Qxg7+ Kxg7 1/2-1/2

[Event "BL2-Ost 0708"]
[Site "Germany"]
[Date "2008.01.20"]
[Round "5.8"]
[White "Graf, Felix"]
[Black "Trenchev, Jolo"]
[Result "1/2-1/2"]
[WhiteElo "2241"]
[BlackElo "2225"]
[PlyCount "59"]
[EventDate "2007.10.21"]
[EventType "team-tourn"]
[EventRounds "9"]
[EventCountry "GER"]
[SourceTitle "EXT 2009"]
[Source "ChessBase"]
[SourceDate "2008.11.26"]
[SourceVersion "1"]
[SourceVersionDate "2008.11.26"]
[SourceQuality "1"]
[WhiteTeam "Dresden USV"]
[BlackTeam "Regensburg Fortuna"]
[WhiteTeamCountry "GER"]
[BlackTeamCountry "GER"]

1. d4 d5 2. c4 e6 3. Nf3 c6 4. Nc3 Nf6 5. Bg5 dxc4 6. e4 b5 7. e5 h6 8. Bh4 g5 9. exf6 gxh4 10. Ne5 Qxf6 11. a4 Bb4 12. Be2 c5 13. 0-0 cxd4 14. Ng4 Qg7 15. Nxb5 h5 16. Bf3 a6 17. Qxd4 Qxd4 18. Nxd4 Ra7 19. Ne5 Bb7 20. Rfc1 h3 21. Rxc4 Bd6 22. Bxb7 Bxe5 23. Nc6 Nxc6 24. Bxc6+ Ke7 25. Rb1 a5 26. g3 Rc7 27. b3 Rd8 28. Kf1 Rd2 29. Ke1 Ra2 30. Rd1 1/2-1/2

[Event "Landesliga Nord 0607"]
[Site "Bayern"]
[Date "2006.12.10"]
[Round "4.1"]
[White "Trenchev, Jolo"]
[Black "Giessmann, Stephan"]
[Result "1/2-1/2"]
[WhiteElo "2170"]
[BlackElo "2100"]
[PlyCount "106"]
[EventDate "2006.10.15"]
[EventType "team-tourn"]
[EventRounds "9"]
[EventCountry "GER"]
[SourceTitle "EXT 2008"]
[Source "ChessBase"]
[SourceDate "2007.11.25"]
[SourceVersion "1"]
[SourceVersionDate "2007.11.25"]
[SourceQuality "1"]
[WhiteTeam "Regensburg Fortuna II"]
[BlackTeam "Kelheim"]
[WhiteTeamCountry "GER"]
[BlackTeamCountry "GER"]

1. d4 d5 2. Nf3 Nf6 3. c4 e6 4. Bg5 Be7 5. Nc3 0-0 6. e3 h6 7. Bh4 Ne4 8. Bxe7 Qxe7 9. Bd3 Nxc3 10. bxc3 c6 11. 0-0 Nd7 12. cxd5 exd5 13. Qc2 Nf6 14. Ne5 Ng4 15. Nxg4 Bxg4 16. a4 Rad8 17. Rfb1 Bc8 18. Bf5 Bxf5 19. Qxf5 Rfe8 20. a5 g6 21. Qd3 Rd7 22. Rb4 f5 23. Qb1 Qf7 24. g3 g5 25. Qd1 Kh8 26. Rab1 f4 27. exf4 gxf4 28. Qf3 fxg3 29. Qxf7 gxh2+ 30. Kg2 Rxf7 31. Rxb7 Rg8+ 32. Kh1 Rxf2 33. Rxa7 Ra2 34. Rc7 Rxa5 35. Rxc6 Kh7 36. Rb7+ Rg7 37. Rxg7+ Kxg7 38. Kxh2 Ra7 39. Kg3 Rf7 40. Kg4 Rf6 41. Rc5 Kg6 42. Rxd5 Rc6 43. Kf4 Rxc3 44. Rd6+ Kg7 45. d5 Rc1 46. Rc6 Rf1+ 47. Ke5 Re1+ 48. Kf5 h5 49. d6 Kf7 50. Rc8 Rd1 51. Ke5 h4 52. Rh8 h3 53. Rxh3 Ke8 1/2-1/2

[Event "Landesliga Nord 0506"]
[Site "Bayern"]
[Date "2006.03.12"]
[Round "8.3"]
[White "Maurer, Jochen"]
[Black "Trenchev, Jolo"]
[Result "1/2-1/2"]
[WhiteElo "2100"]
[BlackElo "2230"]
[PlyCount "20"]
[EventDate "2005.10.23"]
[EventType "team-tourn"]
[EventRounds "9"]
[EventCountry "GER"]
[SourceTitle "EXT 2007"]
[Source "ChessBase"]
[SourceDate "2006.11.23"]
[SourceVersion "1"]
[SourceVersionDate "2006.11.23"]
[SourceQuality "1"]

1. e4 c5 2. Nf3 Nc6 3. d4 cxd4 4. Nxd4 g6 5. c4 Bg7 6. Be3 Nf6 7. Nc3 0-0 8. Be2 d6 9. 0-0 Ng4 10. Bxg4 Bxg4 1/2-1/2

[Event "Landesliga Nord 0506"]
[Site "Bayern"]
[Date "2005.11.13"]
[Round "2.3"]
[White "Trenchev, Jolo"]
[Black "Forman, Stepan"]
[Result "1/2-1/2"]
[WhiteElo "2230"]
[BlackElo "2206"]
[PlyCount "54"]
[EventDate "2005.10.23"]
[EventType "team-tourn"]
[EventRounds "9"]
[EventCountry "GER"]
[SourceTitle "EXT 2007"]
[Source "ChessBase"]
[SourceDate "2006.11.23"]
[SourceVersion "1"]
[SourceVersionDate "2006.11.23"]
[SourceQuality "1"]

1. e4 c5 2. Nf3 e6 3. d4 cxd4 4. Nxd4 a6 5. Nc3 b5 6. Be2 Bb7 7. Bf3 Ne7 8. Bg5 Qc7 9. 0-0 Nec6 10. g3 Nxd4 11. Qxd4 Nc6 12. Qd1 Ne5 13. Bg2 Bc5 14. Bf4 d6 15. a4 b4 16. Ne2 a5 17. Nd4 Ba6 18. Nb5 Qb6 19. Qe2 0-0 20. c4 bxc3 21. bxc3 Rab8 22. c4 Qc6 23. Rac1 Rbc8 24. Kh1 Bb7 25. Bd2 Bb6 26. Bf4 Bc5 27. Bd2 Bb6 1/2-1/2

[Event "Landesliga Nord 0506"]
[Site "Bayern"]
[Date "2005.10.23"]
[Round "1.3"]
[White "Kanewski, Josef"]
[Black "Trenchev, Jolo"]
[Result "1-0"]
[WhiteElo "2056"]
[BlackElo "2230"]
[PlyCount "61"]
[EventDate "2005.10.23"]
[EventType "team-tourn"]
[EventRounds "9"]
[EventCountry "GER"]
[SourceTitle "EXT 2007"]
[Source "ChessBase"]
[SourceDate "2006.11.23"]
[SourceVersion "1"]
[SourceVersionDate "2006.11.23"]
[SourceQuality "1"]

1. d4 d5 2. Nf3 c6 3. c4 e6 4. Qc2 Nf6 5. Bg5 Na6 6. e3 Qa5+ 7. Nbd2 Ne4 8. Bf4 Bb4 9. a3 e5 10. Bxe5 Bg4 11. Qc1 Bf8 12. b4 Qb6 13. c5 Qd8 14. Bd3 f5 15. h3 Bh5 16. Ke2 Qe7 17. g4 fxg4 18. hxg4 Bxg4 19. Nxe4 dxe4 20. Bxe4 Qf7 21. Qc2 Be7 22. Rag1 Bxf3+ 23. Bxf3 Rf8 24. Qe4 Qc4+ 25. Kd2 Nxb4 26. axb4 Qxb4+ 27. Ke2 Qb5+ 28. Ke1 Qb4+ 29. Kf1 Qc4+ 30. Be2 Qf7 31. f4 1-0

[Event "Landesliga Nord 0405"]
[Site "Bayern"]
[Date "2004.11.14"]
[Round "2.3"]
[White "Kopp, Andre"]
[Black "Trenchev, Jolo"]
[Result "0-1"]
[WhiteElo "2111"]
[BlackElo "2008"]
[PlyCount "79"]
[EventDate "2004.10.24"]
[EventType "team-tourn"]
[EventRounds "9"]
[EventCountry "GER"]
[SourceTitle "EXT 2008"]
[Source "ChessBase"]
[SourceDate "2007.11.25"]
[SourceVersion "1"]
[SourceVersionDate "2007.11.25"]
[SourceQuality "1"]
[WhiteTeam "Marktleuthen"]
[BlackTeam "Regensburg Fortuna II"]
[WhiteTeamCountry "GER"]
[BlackTeamCountry "GER"]

1. d4 d5 2. Nf3 c6 3. c4 Nf6 4. Nc3 dxc4 5. a4 Bf5 6. e3 e6 7. Bxc4 Bb4 8. 0-0 0-0 9. Qe2 Bg4 10. Qd3 Bxf3 11. gxf3 Nbd7 12. e4 e5 13. Be3 Qa5 14. Ne2 exd4 15. Bxd4 Ne5 16. Qb3 Bd6 17. Ng3 Nxc4 18. Qxc4 Qg5 19. Kh1 Qf4 20. Qc3 Ne8 21. Qe3 Nc7 22. Qxf4 Bxf4 23. Bxg7 Kxg7 24. Nh5+ Kg6 25. Nxf4+ Kf6 26. Rad1 Rad8 27. Rfe1 Ne6 28. Nxe6 fxe6 29. Kg2 Ke5 30. Rxd8 Rxd8 31. Re3 Rd4 32. Rb3 b6 33. a5 b5 34. Rc3 Kd6 35. Kg3 c5 36. Kf4 Rd2 37. e5+ Kd5 38. Ke3 Rxb2 39. f4 c4 40. Rc1 0-1